000 00411nam a2200169Ia 4500
008 230711s9999||||xx |||||||||||||| ||und||
041 _aENG
082 _a658
_bFI-H
100 _aFIsher,Cynthia D
245 0 _aHuman resource management
250 _a5th Ed.
260 _c2007
_aNew Delhi
_bBiiztantra
300 _a918
650 _aUNIVESITY BUSNIESS SCHOOL
700 _aSchoenfeldt,Lyle F
942 _cBK
999 _c8570
_d8570